Govt. of
Madhya Pradesh

A Tale of two Cities दो नगरों की विप्‍लव कथा (Record no. 64231)

MARC details
000 -LEADER
fixed length control field 00539nam a22001577a 4500
003 - CONTROL NUMBER IDENTIFIER
control field macl
005 - DATE AND TIME OF LATEST TRANSACTION
control field 20211121155641.0
008 - FIXED-LENGTH DATA ELEMENTS--GENERAL INFORMATION
fixed length control field 210908b |||||||| |||| 00| 0 eng d
040 ## - CATALOGING SOURCE
Transcribing agency macl
082 ## - DEWEY DECIMAL CLASSIFICATION NUMBER
Classification number 891.433/TIW/N
100 ## - MAIN ENTRY--PERSONAL NAME
Personal name तिवारी ,डॉ .शशि
9 (RLIN) 81019
245 ## - TITLE STATEMENT
Title A Tale of two Cities दो नगरों की विप्‍लव कथा
260 ## - PUBLICATION, DISTRIBUTION, ETC. (IMPRINT)
Place of publication, distribution, etc. दिल्‍ली
Name of publisher, distributor, etc. जगतराम एण्‍ड कम्‍पनी
Date of publication, distribution, etc. 2017
650 ## - SUBJECT ADDED ENTRY--TOPICAL TERM
Topical term or geographic name as entry element उपन्‍यास
942 ## - ADDED ENTRY ELEMENTS (KOHA)
Source of classification or shelving scheme
Koha item type Hindi Books
Holdings
Withdrawn status Lost status Source of classification or shelving scheme Damaged status Not for loan Home library Current library Date acquired Cost, normal purchase price Total Checkouts Total Renewals Full call number Barcode Date last seen Date last checked out Price effective from Koha item type
          MACL MACL 08/09/2021 550.00 2   891.433/TIW/N CRH035797 11/10/2022 11/10/2022 08/09/2021 Hindi Books